Dire Straits: Albums by Cover - Statistics

General Stats
  • This quiz has been taken 81 times
  • The average score is 4 of 6
Answer Stats
Picture Hint Answer % Correct
1978 Dire Straits
87%
1985 Brothers in Arms
81%
1979 Communiqué
77%
1980 Making Movies
65%
1982 Love over Gold
61%
1991 On Every Street
49%
No matching quizzes found
Score Distribution
Percent of People with Each Score
Percentile by Number Answered
Your Score History
You have not taken this quiz